Desarrollo político / (Record no. 147835)

MARC details
000 -LEADER
campo de control de longitud fija 00738nam a2200193 i 4500
001 - NÚMERO DE CONTROL
campo de control 147835
003 - IDENTIFICADOR DE NÚMERO DE CONTROL
campo de control ES-MaACL
005 - FECHA Y HORA DE LA ÚLTIMA TRANSACCIÓN
campo de control 20230906202259.0
007 - CAMPO FIJO DE DESCRIPCIÓN FÍSICA--INFORMACIÓN GENERAL
campo de control de longitud fija t|
008 - DATOS DE LONGITUD FIJA--INFORMACIÓN GENERAL
campo de control de longitud fija 071005s1974 sp ||||1| spa d
100 1# - ENTRADA PRINCIPAL--NOMBRE DE PERSONA
Nombre de persona Utrera Molina, José.
9 (RLIN) 112333
245 10 - MENCIÓN DEL TÍTULO
Título Desarrollo político /
Mención de responsabilidad, etc. discurso de José Utrera Molina y texto del documento-base sobre desarrollo político ; Consejo Nacional del Movimiento (22 de julio de 1974).
260 ## - PUBLICACIÓN, DISTRIBUCIÓN, ETC.
Lugar de publicación, distribución, etc. Madrid :
Nombre del editor, distribuidor, etc. Ediciones del Movimiento,
Fecha de publicación, distribución, etc. 1974.
300 ## - DESCRIPCIÓN FÍSICA
Extensión 39 p. :
Otras características físicas il. ;
Dimensiones 21 cm.
651 #4 - PUNTO DE ACCESO ADICIONAL DE MATERIA--NOMBRE GEOGRÁFICO
Nombre geográfico España-
Subdivisión general Historia-
Subdivisión cronológica 1955-1975.
9 (RLIN) 8337
710 2# - ENTRADA AGREGADA--NOMBRE DE ENTIDAD CORPORATIVA
Nombre de entidad corporativa o nombre de jurisdicción como elemento de entrada Movimiento Nacional (España).
Unidad subordinada Consejo Nacional.
9 (RLIN) 5778
710 2# - ENTRADA AGREGADA--NOMBRE DE ENTIDAD CORPORATIVA
Nombre de entidad corporativa o nombre de jurisdicción como elemento de entrada Ediciones del Movimiento.
9 (RLIN) 171800
852 ## - LOCALIZACIÓN
Ubicación ES-MaACL
Número de control de estantería 2087-F-1
Holdings
Estatus retirado Estado de pérdida Estado de daño No para préstamo Colección Biblioteca de origen Biblioteca actual Ubicación en estantería Fecha de adquisición Fuente de adquisición Total de préstamos Signatura topográfica completa Código de barras Visto por última vez Precio de reemplazo Tipo de ítem Koha
        Colección de folletos Biblioteca del Ateneo de Madrid Biblioteca del Ateneo de Madrid Depósito folletos 17/01/2008     2087-F-1 1154281 23/02/2023 23/02/2023 Folleto